000 00549nam a2200193 a 4500
001 000003628
005 20200929150517.0
008 960425s1996 nyua 000 1 eng
010 _a96019039
020 _a0515121940
040 _aDO-SdBNP
_bspa
_cBNPHU
082 _a813.54
_bG851b
100 1 _aGriffin, W. E. B.
_911142
245 1 0 _aBlood and honor /
_cW.E.B. Griffin.
260 _aNew York :
_bJove Book,
_c1996.
300 _a723, [3] p. :
_bil. ;
_c18 cm.
650 4 _aNovela estadounidense
_9262
650 4 _aLiteratura estadounidense
_9263
999 _c3451
_d3451